000 02121 a2200229 4500
001 69
005 20260407155407.0
008 260407a2005 arg spa d
003 AR-UNSa-BCEJYS
040 _aAR-UNSa-BCEJYS
_bspa
_cAR-UNSa-BCEJYS
080 _a657.41
_xContabilidad Financiera
245 1 0 _aContabilidad Financiera
020 _a978-987-01-0391-2
250 _a1a. ed
264 1 _aBuenos Aires :
_bErrepar
_c2005
300 _a936 p.
_c21 cm
505 _a1. Resumen de la reciente evolución de la legislación contable en la Argentina desde los "principios" a las "normas" 2. Los estados contables básicos de publicación 3. El tiempo en la vida de las empresas 4. Teoría contable básica 5. El balance general de presentación 6. El estado de resultados de publicación. Presentación formal 7. El estado de evolución del patrimonio neto de publicación. Presentación formal 8. Los estados de cambios en la posición financiera- El estado de flujo de efectivo 9. Los estados de cambios en la posición financiera - versión ampliada: El estado de cambios en el capital circulante 10. Estructura patrimonial de la empresa 11. Caja y bancos 12. Inversiones temporarias 13. Cuentas por cobrar 14. Bienes de cambio 15. Inversiones permanentes 16. Combinaciones de negocios 17. Bienes de uso o propiedades, plantas y equipos 18. Activos intangibles 19. Compromisos ciertos - cuentas por pagar - deudas 20. Pasivo contingente 21. Instrumentos financieros derivados 22. Otros pasivos 23. Operaciones en moneda extranjera 24. Capital propio - Patrimonio neto - Aportes de los propietarios 25. Los resultados del ejercicio económico 26. Corrección de la información contable "histórica" a moneda de cierre. Soluciones parciales 27. Soluciones integrales - Aplicación de la unidad de medida homogénea 28. Conversión de estados contables a moneda extranjera - Teoría y práctica
942 _cBK
590 _aniveau_biblio:m niveau_hierar:0
100 1 _aBiondi, Mario
856 4 1 _uhttps://biblioeco.unsa.edu.ar/pmb/images/libros/Contabilidad Financiera2-l116041.jpg
_yImagen de portada
_qimage/jpeg
999 _c50
_d50